Drinks I Like - Statistics

General Stats
  • This quiz has been taken 25 times
  • The average score is 7 of 29
Answer Stats
Times I Drink It Drink % Correct
Many, many times a day. Water
87%
I’m addicted to it. Beer
73%
Pop. Coca-Cola
67%
Daily, usually multiple times a day. Milk
67%
I drink it and cry in my closet very day after school. Wine
67%
About once a week. Apple Juice
53%
About once a month. Orange Juice
53%
I literally came out of the womb drinking it. Vodka
47%
Robots love it. Oil
40%
It has a lot of calories. Gasoline
20%
I used to like it, but I don’t anymore. Pepsi
20%
Whenever I get sick. Sprite/7-Up
20%
Supply is high, but demand is low. Blood
13%
Also about once a month. Chocolate Milk
13%
It’s been an even longer time... Powerade
13%
JK lol. Bernie Sanders
7%
It’s been a long time... Strawberry Milk
7%
Yep. I drink it. A Chair
0%
It’s my favorite. Chicken Juice
0%
It isn’t good for me, and probably doesn’t qualify as a drink. Dry Ice
0%
Does this even count? Lava
0%
It kills me but I love it. Liquid Mercury
0%
Link’s favorite. Lon Lon Milk
0%
A fitting end. Pure, Unfiltered Water
0%
My siblings love it. Snow
0%
Not everyone can produce these. Tears
0%
Robots drink it. TNG-3562 3rd Edition
0%
Every single person drinks this every day. Water Vapor
0%
It’s bright. Whatever The Stuff In A Glow Stick Is
0%
No matching quizzes found
Score Distribution
Percent of People with Each Score
Percentile by Number Answered
Your Score History
You have not taken this quiz